000 00885nas a2200289 4500
001 BR2013000600
003 BR-BrBNA
005 20231205121829.0
007 ta
008 230509b bl.|||p| |||| 00| 00por d
040 _aBR-BrBNA
_bpor
_cBiblioteca Nacional de Agricultura
041 _a(Pt)
072 _aP31; U40
100 1 _aFiorio, P.R.
100 1 _aDemattê, J.A.M.
100 1 _aNanni, M.R.
100 1 _aFormaggio, A.R.
245 1 _aDiferenciação espectral de solos utilizando dados obtidos em laboratório e por sensor orbital
650 _aRECONHECIMENTO DO SOLO
650 _aMAPA
650 _aLEVANTAMENTO
650 _aSENSORIAMENTO REMOTO
650 _aMÉTODO ESTATÍSTICO
773 0 _tBragantia (Brazil)
_xISSN 0006-8705
_g(Apr-Jun 2010), v. 69(2) p. 453-466
_wBR2013000600
909 _a202311
_bLúcia
_c55
_dLúcia Elande
942 _2AGRIS
_n0
_cANA
999 _c225459
_d225459